| 000 | 00804nam a2200229 i 4500 | ||
|---|---|---|---|
| 001 | 137896 | ||
| 003 | ES-MaACL | ||
| 005 | 20250817062557.0 | ||
| 007 | t| | ||
| 008 | 070214s1976 sp r ||||1| spa d | ||
| 100 | 1 |
_aSalvà Lacombe, J. A. _9102060 |
|
| 245 | 1 | 0 |
_aMantenimiento en supervivencia del hígado dador in vitro para el trasplante homólogo ortotópico en cirugía experimental / _cJosé Antonio Salvá Lacombe. |
| 260 |
_aMadrid : _bFundación Juan March, _c1976. |
||
| 300 |
_a44, XI p. ; _c21 cm. |
||
| 490 | 1 |
_aSerie universitaria ; _v7 |
|
| 504 | _aBibliografía: p. I-XI. | ||
| 650 | 4 |
_aHígado- _xTrasplante. _9158350 |
|
| 710 | 2 |
_aFundación Juan March _94346 |
|
| 830 | 0 |
_aSerie universitaria ; _v7 _9180747 |
|
| 852 |
_aES-MaACL _j2093-F-5 _bR.95074 |
||
| 999 |
_c137896 _d137896 |
||